Представление документа в формате MARC21

Поле Инд. ПП Название Значение
Тип записи a
Библиографический уровень m
001 Контрольный номер 353a5ea7-d738-44bd-bec3-b14e55ba3313
005 Дата корректировки 20140703173539.1
008 Кодируемые данные 090206
020 a ISBN 978-5-382-00855-4
c Цена, тираж 55.00
040 a Служба первич. каталог. НБ ТвГУ
041 a Код языка текста rus
080 a Индекс УДК 330.4
a Индекс УДК 658.5:517.53/.55
084 a Индекс другой классификации/Индекс ББК У.в631
a Индекс другой классификации/Индекс ББК У291.8в631
090 x Авторский знак С24
a Полочн. индекс У.в631
100 1_ a Автор Светуньков Сергей Геннадьевич
245 10 a Заглавие Производственные функции комплексных переменных
b Продолж. заглавия экономико-математическое моделирование производной динамики
c Ответственность С. Г. Светуньков, И. С. Светуньков ; С.-Петерб. гос. ун-т экономики и финансов
260 0_ a Место издания Москва
b Издательство URSS
b Издательство ЛКИ
c Дата издания 2008
300 a Объем 131 с.
b Иллюстрации/ тип воспроизводства ил., табл.
c Размеры 22 см
583 a Действие Получение впервые 13 05.02.2009
k Исполнитель действия Дар РГГУ
650 a Основная рубрика Экономика
x Основная подрубрика Математические методы
650 a Основная рубрика Экономико-математические методы и модели
650 a Основная рубрика Предприятия
x Основная подрубрика Организация производства
x Основная подрубрика Моделирование
650 a Основная рубрика Комплексного переменного функции
653 a Ключевые слова Экономика
a Ключевые слова Математические методы в экономике
a Ключевые слова Предприятия
a Ключевые слова Организация производства
a Ключевые слова Моделирование призводства
a Ключевые слова Функции комплексного переменного
a Ключевые слова Экономико-математические методы
a Ключевые слова Экономико-математические модели
a Ключевые слова Экономическая математика
700 1_ a Другие авторы Светуньков Иван Сергеевич
e Роль лиц авт.
852 t Порядковый номер экземпляра 1
p Инвентарный номер 925711
863 t 00186055
888 a Бесплатные
952 p 13.2009 55.00 1 925711
c Вид литературы К рн
954 a Дата поступления на обработку 20090319
999 a Подразделение 2 Фил1